Coleccion Trabajos Distinguidos (Registro nro. 1325)
[ vista simple ]
| 000 -LEADER | |
|---|---|
| fixed length control field | 00575nas a22001817a 4500 |
| 008 - CAMPO DE CONTROL RECURSOS CONTINUADOS | |
| fixed length control field | 130419t20119999ag ||||| |||| 00| 0 spa d |
| 245 ## - TITULO | |
| Titulo | Coleccion Trabajos Distinguidos |
| 260 ## - PUBLICACION, DISTRIBUCION, ETC. (PIE DE IMPRENTA) | |
| Lugar de publicación, distribución, etc | Buenos Aires, |
| Nombre de la editorial, distribuidor, etc. | Sociedad Iberoamericana de Informacion Cientifica: |
| Fecha de publicación | 2011 |
| 300 ## - DESCRIPCION FISICA | |
| Extensión | v. : |
| 440 ## - MENCION DE SERIE - TITULO CON ENTRADA SEC. | |
| Title | Clinica Medica |
| 9 (RLIN) | 2035 |
| 546 ## - NOTA DE IDIOMA | |
| Nota de lenguaje | español |
| 590 ## - NOTAS LOCALES (RLIN) | |
| Nota local | Indizada en: SIIC Data Bases |
| 590 ## - NOTAS LOCALES (RLIN) | |
| Nota local | Existencias: 2011 16(1) |
| 650 ## - MATERIA-TERMINO TEMATICO | |
| Término temático | MEDICINA CLINICA |
| 9 (RLIN) | 2036 |
| 650 ## - MATERIA-TERMINO TEMATICO | |
| Término temático | MEDICINA INTERNA |
| 9 (RLIN) | 1738 |
| 856 ## - LOCALIZACION ELECTRONICA Y ACCESO | |
| Identificador Uniforme de Recurso (URI) | <a href="http://www.siicsalud.com/lmr/siicdatabases.php">http://www.siicsalud.com/lmr/siicdatabases.php</a> |
| 942 ## - ADDED ENTRY ELEMENTS (KOHA) | |
| Source of classification or shelving scheme | Dewey Decimal Classification |
| Item type | Continuing Resources |
No hay ítems disponibles.